| 000 | 02225cam a2200301zu 4500 | ||
|---|---|---|---|
| 001 | 88972806 | ||
| 003 | FRCYB88972806 | ||
| 005 | 20251020123424.0 | ||
| 006 | m o d | ||
| 007 | cr un | ||
| 008 | 251020s2021 fr | o|||||0|0|||eng d | ||
| 020 | _a9780128216712 | ||
| 035 | _aFRCYB88972806 | ||
| 040 |
_aFR-PaCSA _ben _c _erda |
||
| 100 | 1 | _aFish, Jonathan D. | |
| 245 | 0 | 1 |
_aLanzkowsky's Manual of Pediatric Hematology and Oncology _c['Fish, Jonathan D.', 'Lipton, Jeffrey M.', 'Lanzkowsky, Philip'] |
| 264 | 1 |
_bAcademic Press _c2021 |
|
| 300 | _a p. | ||
| 336 |
_btxt _2rdacontent |
||
| 337 |
_bc _2rdamdedia |
||
| 338 |
_bc _2rdacarrier |
||
| 650 | 0 | _a | |
| 700 | 0 | _aFish, Jonathan D. | |
| 700 | 0 | _aLipton, Jeffrey M. | |
| 700 | 0 | _aLanzkowsky, Philip | |
| 856 | 4 | 0 |
_2Cyberlibris _uhttps://international.scholarvox.com/netsen/book/88972806 _qtext/html _a |
| 520 | _aLanzkowsky's Manual of Pediatric Hematology and Oncology, Seventh Edition remains the go-to clinical manual for the treatment and management of childhood cancers and blood disorders. It is a comprehensive book on patient management, replete with algorithms and flow diagrams, and includes a new section on vascular anomalies. Reflecting the considerable advances in the treatment and management of hematologic and oncologic diseases in children, the seventh edition of this successful clinical manual is entirely updated to incorporate all current treatment protocols, new drugs, and management approaches. Its concise and easy-to-read format, again, enables readers to make accurate diagnoses and treatment decisions without having to reference larger medical textbooks. - Designed to be easily readable and highly practical with over 400 illustrative tables, along with color diagrams and figures - New chapter on Pediatric Vascular Anomalies - New content on 'blood avoidance' programs to honor religious preferences - Discussions of new drugs and immunological therapies for cancers, along with discussions of increasing use of cytokine stimulants for hematologic disorders - Includes practical genetic evaluations providing a deeper understanding and advances in management of bone marrow failure diseases | ||
| 999 |
_c1554134 _d1554134 |
||